Datum a čas kvízu
37
Celkem bodů
Celkový počet nahraných bodů na tomto kvízu bez doplňovacích otázek.
4.
Pořadí na kvízu
Konečné umístění týmu na tomto kvízu.
Zaznamenané odpovědi
| # | Otázka | Odpověď | Body | Výsledky |
|---|---|---|---|---|
| 1. | Nejvyšší soud v pondělí defini... | proti pokutám za dopravní přestupky | 1 | |
| 2. | Po téměř šestileté přestávce s... | Victoria’s Secret | 1 | |
| 3. | Na úterním pražském koncertu d... | Jonas Brothers | 0 | |
| 4. | Výrobce obuvi Crocs přišel s o... | pro psy | 0 | |
| 5. | Ukrajinský šachový velmistr Ki... | mobilní telefon | 1 | |
| 6. | Tentokrát se v gastronomickém... | konvektomat | 1 | |
| 7. | Napište dvě slova pocházející... | sous-vide | 1 | |
| 8. | Nyní se podíváme na symboly, k... | č. 5 | 1 | |
| 9. | Napište značku nádobí, kterou... | Remoska | 1 | |
| 10. | Tento nástroj je používán při... | krevety (a garnáti) | 0 |